000 00505nam a2200193Ia 4500
003 OSt
005 20220509113430.0
008 210210b1912 xxu||||| |||| 00| 0 eng d
040 _aAL
_c
041 _aeng
082 _a829/960
100 _aSCOTT (Sir W)
_934768
245 _aBride of lammermoor
260 _aLondon
_bThe British India Publishing Company, Calcutta
_c1926
600 _2Illustrated by John E. Sutcliffe
690 _aEnglish Fiction
_934769
906 _a017575
942 _2ddc
_cBK
999 _c137559
_d137559